| 000 | 00459nam a2200217Ia 4500 | ||
|---|---|---|---|
| 003 | IT-RoPAU | ||
| 008 | 120407s9999 xx 000 0 und d | ||
| 040 | _aIT-RoPAU | ||
| 040 | _cIT-RoPAU | ||
| 041 | _afra | ||
| 100 | _aCharles D’Aragon | ||
| 245 | _aCas de conscience de parlementaire. | ||
| 250 | _aParis | ||
| 260 | _aEd. Fleurus | ||
| 260 | _c1961 | ||
| 300 | _a130 p. | ||
| 300 | _c18,5 cm | ||
| 490 | _v1 | ||
| 942 | _cBK | ||
| 999 |
_c25149 _d25149 |
||